01283nam a2200301 a 450000100060000000300080000600500170001400600190003100700150005000800410006502000160010603500220012204000260014405000210017008000110019108200120020210000250021424501280023926000730036730000100044050001780045053301640062865000410079265100400083365500270087371000190090085600620091974421FlNmELB20241217143543.0m o d | cr cn|||||||||210112s1999 ag o 000 0 spa d z950511558X8 a(OCoLC)1230261525 aFlNmELBbspacFlNmELB 4aF2810bP283 1999 a39(82)04a9822221 aPasolini, Ricardo O.13aLa ópera y el circo en el Buenos Aires de fin de siglo :bconsumos teatrales y lenguajes sociales /cRicardo O. Pasolini. aBuenos Aires, Argentina :bAguilar, Altea, Taurus, Alfaguara,c1999. a49 p. aEste texto forma parte de la obra Historia de la vida privada en la Argentina, tomo 2: La Argentina plural: 1870-1930, bajo la dirección de Fernando Devoto y Marta Madero. aRecurso electrónico. Santa Fe, Arg.: e-libro, 2015. Disponible vía World Wide Web. El acceso puede estar limitado para las bibliotecas afiliadas a e-libro. 4aCostumbres y tradicioneszArgentina. 4aArgentinaxSocial life and customs. 4aLibros electrónicos.2 ae-libro, Corp.40uhttps://elibro.net/ereader/politecnicointernacional/27789